| 000 | 00571nam a2200121 4500 | ||
|---|---|---|---|
| 050 | _aQA76.9 MCCC3 T4 D5 2005 | ||
| 082 | _a006.37 D5c | ||
| 100 | _aDíaz Monterrosas, Pablo Rodrigo | ||
| 245 | _aCaracterización visual de un subconjunto de fonemas consonantes del idioma español / Pablo Rodrigo Díaz Monterrosas | ||
| 300 | _a107 p. / 28 cm. | ||
| 502 | _aTesis. Opción I. CENIDET (Maestría en Ciencias en Ciencias Computacionales) Mc. Andrea Magad n Salazar | ||
| 650 | _a1. INTELIGENCIA ARTIFICIAL \ 2. TRATAMIENTO DIGITAL DE IMÁGENES \ 3. VISIÓN POR COMPUTADORA | ||
| 999 |
_c26414 _d26414 |
||